00532nam a2200181 a 45000010010000000030011000100080041000210350026000620820014000881000023001022450036001252600039001616500013002009420012002139520090002259980020003159990015003350000-8992ELIB.Books110520 1949  a(ELIB.Books)0000-9141 a200 bStu aStuber, Stanley I. aTreasury of the Christian Faith bNew York: Association Press c1949 aReligion 2ddccBK 00102ddc4070aKBTSbKBTSd2011-05-20l0p1177r2022-01-22 00:00:00w2022-01-22yBK cbate2011-05-20 c8992d8992